Statistics for Quiz - Answers beginnig with Z

Click here to take the quiz!

General Stats

  • This quiz has been taken 104 times
  • The average score is 10 of 15

Answer Stats

ClueZ word% Correct
Stripey animalzebra
100%
A walking corpse (living dead)zombie
97%
Place where animals are kept to be viewedzoo
97%
Chemical element with symbol Znzinc
94%
The peel of a citrus fruitzest
83%
Used to do up your coat (eg.)zip
82%
To strike with a beam of energyzapped
74%
Acnezits
66%
Line going back and forthzig-zag
64%
American word for courgettezucchini
57%
A large aircraft without wingszeppelin
55%
To get closer to somethingzoom
52%
A fertilized egg cellzygote
45%
Filled with intense enthusiasmzealous
36%
Greek island, popular holiday destinationZante
18%

Score Distribution

Percentile by Number Answered

Percent of People with Each Score

Your Score History

You have not taken this quiz